000 01299nam a2200349 a 4500
001 0000241
003 DO-SdBNP
005 20160411135134.0
007 0000241
008 150130s20uu dr abc 000 0 spa d
020 _a9945444069
040 _aBPMSU
_bspa
_cBPMSU
092 _a372.7
_b R788m 4to [2000?]
100 1 _aDe la Rosa, María del Jesús
245 1 0 _aMatemática 4 :
_b[educación básica] /
_cMaría del Jesús de la Rosa, Francisca Antonia Medrano
260 _aSanto Domingo :
_bActualidad Escolar 2000,
_c[2000?]
300 _a204 p. :
_bil., retrs. ;
_c28 cm.
490 1 _aSigma
500 _aLa biblioteca posee el "Libro del maestro.
505 1 _av. 4 :
_tParque nacional submarino de La Caleta --
_tMonumento nacional Isla Catalina --
_tMonumento natural Loma Isabela de Torres --
_tLa Isla Saona --
_tIsla Beata --
650 _aMATEMATICAS
_xENSEÑANZA BÁSICA
650 _aMATEMICAS
_xENSEÑANZA ELEMENTAL
650 _aEDUCACIÓN PRIMARIA
_zREPÚBLICA DOMINICANA
650 _aMATEMATICAS
_xLIBROS DE TEXTOS
650 _aMATEMATICAS
_xESTUDIOS Y EJERCICIOS
700 1 2 _aMedrano, Francisca Antonia
700 1 _aSandoval, Ramón
_eil.
830 0 _aSigma
910 _aValidado. Control de calidad MFF
942 _2ddc
_cBK
956 _aYLOCKWARD
_b10
999 _c9547
_d9547